ბათუმის შოთა რუსთაველის სახელმწიფო უნივერსიტეტის ბიბლიოთეკა

სპილენძისშემცვლელი კომბინირებული ფუნგიციდის კურტაზ-R-ის ორგანიზმზე მოქმედების ბიოლოგიური თავისებურებების შესწავლა : დისერტაცია / (ბიბ.ჩანაწერი № 51684)

000 -ლიდერი
ფიქსირებული სიგრძის საკონტროლო ველი 01987nam a2200253Ia 4500
001 - საკონტროლო ნომერი
საკონტროლო ველი 18675
003 - საკონტროლო ნომრის იდენტიფიკატორი
საკონტროლო ველი GE_BSU
005 - ბოლო ოპერაციის თარიღი და დრო
საკონტროლო ველი 20220920164119.0
008 - ფიქსირებული სიგრძის მონაცემთა ელემენტები - ზოგადი ინფორმაცია
ფიქსირებული სიგრძის საკონტროლო ველი 181216s2008||||ge |||||||||||||| ||geo||
040 ## - კატალოგიზაციის წყარო
Transcribing agency GE_BSU
041 ## - ენის კოდი
Language code of text/sound track or separate title geo
080 ## - უნივერსალური ათობითი კლასიფიკაციის ინდექსი
Universal Decimal Classification number 57 ო-47
100 ## - მთავარი ჩანაწერი - პიროვნების სახელი
Personal name ონიანი, თამარ
9 (RLIN) 10678
245 ## - ცნობა სათაურის შესახებ
Title სპილენძისშემცვლელი კომბინირებული ფუნგიციდის კურტაზ-R-ის ორგანიზმზე მოქმედების ბიოლოგიური თავისებურებების შესწავლა : დისერტაცია /
Statement of responsibility, etc თამარ, ონიანი; მეცნ. ხელმძღვანელი ჯ. ონიანი, ი. ღვინერია; ბათუმის შოთა რუსთაველის სახელმწიფოფო უნივერსიტეტი.
264 ## - წარმოების, გამოცემის, დისტრიბუციის და სხვა ცნობები
გამოცემის, წარმოების, დისტრიბუციის... ადგილი ბათუმი :
გამოცემის, წარმოების, დისტრიბუციის... სახელწოდება ბათუმის შოთა რუსთაველის სახ. უნ-ტი,
გამოცემის, წარმოების, დისტრიბუციის... თარიღი 2008.
300 ## - ფიზიკური აღწერა
Extent 139 გვ.;
Other physical details 30 სმ.
653 ## - INDEX TERM--UNCONTROLLED
Uncontrolled term ბიოლოგია
653 ## - INDEX TERM--UNCONTROLLED
Uncontrolled term დისერტაცია
653 ## - INDEX TERM--UNCONTROLLED
Uncontrolled term სპილენძისშემცვლელი კომბინირებული ფუნგიციდის კურტაზ-R-ის ორგანიზმზე მოქმედების ბიოლოგიური თავისებურებების შესწავლა
700 ## - ADDED ENTRY--PERSONAL NAME
Personal name ონიანი, ჯ.
Relator term სამეცნიერო ხელმძღვანელი
9 (RLIN) 10679
700 ## - ADDED ENTRY--PERSONAL NAME
Personal name ღვინერია, ი.
Relator term სამეცნიერო ხელმძღვანელი
9 (RLIN) 10680
710 ## - ADDED ENTRY--CORPORATE NAME
Corporate name or jurisdiction name as entry element ბათუმის შოთა რუსთაველის სახელმწიფოფო უნივერსიტეტი.
9 (RLIN) 10681
942 ## - ADDED ENTRY ELEMENTS (KOHA)
Koha item type წიგნი
Source of classification or shelving scheme
ეგზემპლარები
ჩამოწერის სტატუსი დაკარგული ეგზემპლარის სტატუსი კლასიფიკაციის წყარო ან თაროზე გაწყობის სქემა დაზიანების სტატუსი არ გაიცემა მუდმივი მდებარეობა (დაცვის ადგილი) ამჟამინდელი ადგილსამყოფელი თაროზე განთავსების ადგილი შეძენის თარიღი სრული შენახვის შიფრი შტრიხკოდი ბოლო ოპერაციის თარიღი ეგზემპლარის მიმდევრობითი ნომერი (კეტერი?) ფასის ძალაში შესვლის თარიღი ეგზემპლარის სახეობა
          ბათუმის შოთა რუსთაველის სახელმწიფო უნივერსიტეტის მთავარი ბიბლიოთეკა ბათუმის შოთა რუსთაველის სახელმწიფო უნივერსიტეტის მთავარი ბიბლიოთეკა წიგნსაცავი 2018-12-17 57 ო-47 67 დისერტ. 2018-12-17 67 2018-12-17 დისერტაცია